000 00336nam a2200145Ia 4500
008 240112s2015 xx 000 0 und d
022 _a900036
041 _aeng
082 _a614
100 _aHEYMANN D.L.
245 _aAMERICAN JOU.OF PUBLIC HEALTH
260 _bAPHA
_c2015
300 _a607-1055
_cAPR-SUP-MAY
440 _v105
999 _c1144641
_d1144641